Formación inicial de docentes de Educación Primaria o básica : estudio nacional de Panamá
Guardado en:
| Autores Corporativos: | , |
|---|---|
| Formato: | Libro |
| Lenguaje: | Spanish |
| Publicado: |
Panamá :
CECC,
1996
|
| Materias: | |
| Etiquetas: |
Agregar Etiqueta
Sin Etiquetas, Sea el primero en etiquetar este registro!
|
MARC
| LEADER | 00000nam a2200000Ia 4500 | ||
|---|---|---|---|
| 008 | 180705b1996 p ||||| |||| 00| | spa d | ||
| 999 | |c 2011 |d 2011 | ||
| 090 | |a 06.06.02 184 | ||
| 110 | |a Panamá. Ministerio de Educación |9 3565 | ||
| 245 | 1 | 0 | |a Formación inicial de docentes de Educación Primaria o básica : estudio nacional de Panamá |
| 260 | |a Panamá : |b CECC, |c 1996 | ||
| 300 | |a 85 páginas | ||
| 500 | |a Algunos datos son tomados de la cubierta. Proyecto Centroamericano de Asistencia Técnica Preparatoria, en el área de formación inicial de docentes en la educación primaria o básica en los países de Centroamérica | ||
| 650 | 1 | 4 | |a FORMACIÓN DE DOCENTES |9 9 |
| 650 | 1 | 4 | |a EDUCACIÓN PRIMARIA |9 367 |
| 650 | 1 | 4 | |a EDUCACIÓN SECUNDARIA |9 456 |
| 650 | 1 | 4 | |a INVESTIGACIÓN EDUCATIVA |9 326 |
| 710 | 2 | |9 2573 |a Coordinación Educativa y Cultural Centroamericana | |
| 942 | |i 00213 ,00216 |h 06.06.02 184 |2 z |c 01 | ||
